000 00418nam a2200169Ia 4500
008 230711s9999||||xx |||||||||||||| ||und||
020 _a978-93-272-1911-1
041 _aENG
082 _a658.15
_bVI-F
100 _aKumar,Vishal
245 0 _aFinancial management
250 _a1st Ed.
260 _c2012
_aNew Delhi
_bKalyani Publishers House
300 _a478
650 _aUNIVESITY BUSNIESS SCHOOL
942 _cBK
999 _c9059
_d9059